Dimensiones éticas y jurídicas de la inteligencia artificial en el marco del Estado de Derecho.
Enregistré dans:
| Autres auteurs: | |
|---|---|
| Format: | Inconnue |
| Langue: | anglais |
| Publié: |
Madrid, España.
Universidad De Alcala De Henares,
2020
|
| Collection: | Cuadernos de la Cátedra de Democracia y Derechos Humanos;
Núm. 16 |
| Sujets: | |
| Tags: |
Ajouter un tag
Pas de tags, Soyez le premier à ajouter un tag!
|
MARC
| LEADER | 00000 a2200000 4500 | ||
|---|---|---|---|
| 003 | CL-VaPUC | ||
| 005 | 20240805084523.0 | ||
| 008 | 210804b2020 ||||| |||| 00| 0 eng d | ||
| 999 | |c 433085 |d 433083 | ||
| 020 | |a 9788418254239 | ||
| 040 | |c Pontificia Universidad Católica de Valparaíso | ||
| 082 | |a 343.09944 SOL 2020 | ||
| 100 | 1 | |a Solar Cayón, José |9 861368 |e editor | |
| 245 | 1 | |a Dimensiones éticas y jurídicas de la inteligencia artificial en el marco del Estado de Derecho. | |
| 260 | |a Madrid, España. |b Universidad De Alcala De Henares, |c 2020 | ||
| 300 | |a 367 páginas | ||
| 490 | |a Cuadernos de la Cátedra de Democracia y Derechos Humanos; |v Núm. 16 | ||
| 583 | |k Cristina Rojas |c 20210804 | ||
| 650 | |a Derecho |x Inteligencia artificial |9 862522 | ||
| 650 | 0 | |a Inteligencia artificial (IA) |x Aspectos éticos y jurídicos |9 262362 | |
| 942 | |2 ddc |c BK | ||
| 952 | |0 0 |1 0 |2 ddc |4 0 |6 343_099440000000000_SOL_2020 |7 0 |8 A |9 578560 |a BIBDER |b BIBDER |d 2021-08-05 |e 3 |g 21633.00 |i 5587158 |l 17 |o 343.09944 SOL 2020 |p 5587158 |r 2024-09-09 |s 2024-09-02 |t 1 |v 21633.00 |w 2021-08-05 |y BK |k DER | ||